[Event "2. BUNDESLIGA MITTE"]
[Site "Steyregg, Fuerstenfeld/Sauwald/Villach, St. Veit/Glan, Graz"]
[Date "2016.02.27"]
[Round "7"]
[Board "4"]
[White "Maier, Christoph"]
[Black "Fahrner, Kurt"]
[Result "1/2-1/2"]
[WhiteElo "2125"]
[BlackElo "2294"]
[PlyCount "120"]
[EventDate "2015.10.02"]
[EventType "team"]
[EventRounds "11"]
[EventCountry "AUT"]
[WhiteTeam "SPG Sauwald 2"]
[BlackTeam "ESV Austria Graz"]

1. e4 Nf6 2. e5 Nd5 3. d4 Nb6 4. Nf3 d5 5. exd6 cxd6 6. Be2 g6 7. b3 Bg7 8. Bb2
O-O 9. O-O Nc6 10. Nbd2 e5 11. Bb5 Nxd4 12. Nxd4 exd4 13. Nf3 Bg4 14. h3 Bxf3
15. Qxf3 Qc7 16. Rfd1 Qxc2 17. Bxd4 Bxd4 18. Rxd4 Qc5 19. Qd3 d5 20. Rd1 Rac8
21. a4 Qc3 22. b4 a6 23. a5 Qxd3 24. R1xd3 Rc1+ 25. Rd1 Rxd1+ 26. Rxd1 Nc8 27.
Bd7 Ne7 28. Rc1 Rb8 29. Kf1 Kg7 30. Ke1 Kf6 31. f4 h6 32. Kd2 g5 33. fxg5+ hxg5
34. Rc7 Ke5 35. Bg4 Nc6 36. Rxf7 Kd4 37. g3 Ne5 38. Rc7 Nxg4 39. hxg4 b6 40.
Rc6 bxa5 41. bxa5 Rb3 42. Rxa6 Rxg3 43. Re6 Rxg4 44. a6 Rg2+ 45. Re2 Rg3 46. a7
Ra3 47. Rg2 Ra2+ 48. Kd1 Rxa7 49. Rxg5 Ra1+ 50. Kd2 Ra2+ 51. Kd1 Rf2 52. Rg3
Ke4 53. Ke1 Rf4 54. Ra3 Rh4 55. Kd2 Rh2+ 56. Kd1 Rf2 57. Ke1 Rc2 58. Kd1 Rh2
59. Ke1 d4 60. Kd1 d3 1/2-1/2

[Event "2. BUNDESLIGA MITTE"]
[Site "Steyregg, Fuerstenfeld/Sauwald/Villach, St. Veit/Glan, Graz"]
[Date "2016.02.27"]
[Round "7"]
[Board "5"]
[White "Spindelboeck, Gernot"]
[Black "Schmid, Franz"]
[Result "1/2-1/2"]
[WhiteElo "2262"]
[BlackElo "2188"]
[PlyCount "51"]
[EventDate "2015.10.02"]
[EventType "team"]
[EventRounds "11"]
[EventCountry "AUT"]
[WhiteTeam "ESV Austria Graz"]
[BlackTeam "SPG Sauwald 2"]

1. d4 Nf6 2. c4 g6 3. Nf3 Bg7 4. g3 d5 5. cxd5 O-O 6. Bg2 Nxd5 7. O-O Nc6 8.
Nc3 Nb6 9. d5 Na5 10. e4 c6 11. dxc6 Nxc6 12. Bf4 Be6 13. Qc1 Qc8 14. Bh6 Bh3
15. Bxg7 Kxg7 16. Nd5 Bxg2 17. Kxg2 Rd8 18. Qc3+ f6 19. Nxb6 axb6 20. a3 Qe6
21. Qe3 Na5 22. Nd4 Qe5 23. Nf3 Qe6 24. Nd4 Qe5 25. Nf3 Qe6 26. Nd4 1/2-1/2

[Event "2. BUNDESLIGA MITTE"]
[Site "Steyregg, Fuerstenfeld/Sauwald/Villach, St. Veit/Glan, Graz"]
[Date "2016.02.27"]
[Round "7"]
[Board "6"]
[White "Bittner, Rudolf Jun."]
[Black "Aschenbrenner, Robert"]
[Result "0-1"]
[WhiteElo "2029"]
[BlackElo "2212"]
[PlyCount "116"]
[EventDate "2015.10.02"]
[EventType "team"]
[EventRounds "11"]
[EventCountry "AUT"]
[WhiteTeam "SPG Sauwald 2"]
[BlackTeam "ESV Austria Graz"]

1. e4 c5 2. Nf3 Nc6 3. d4 cxd4 4. c3 dxc3 5. Nxc3 d6 6. Bc4 a6 7. O-O Nf6 8. e5
dxe5 9. Qxd8+ Nxd8 10. Nxe5 e6 11. Be3 Nd7 12. Nd3 Be7 13. Rac1 O-O 14. b4 Nc6
15. a3 Nce5 16. Ne4 Nxc4 17. Rxc4 Nf6 18. Ndc5 Nd5 19. Bd4 f5 20. Nd2 b6 21.
Ncb3 Bd7 22. Ra1 Rfc8 23. Rac1 Bf6 24. Rxc8+ Rxc8 25. Rxc8+ Bxc8 26. Nc4 Bxd4
27. Nxd4 Kf8 28. Kf1 Ke7 29. Nc6+ Kf6 30. Nb8 Ke7 31. Nc6+ Kd7 32. N6e5+ Kc7
33. g3 Bd7 34. Ke1 Bb5 35. Nd2 Kd6 36. f4 h6 37. h4 Ne3 38. Kf2 Nc2 39. Nb1 Ke7
40. Ng6+ Kf6 41. Ne5 Be8 42. Ke2 g5 43. hxg5+ hxg5 44. Kd2 gxf4 45. gxf4 Nd4
46. Nc3 Nc6 47. Nc4 b5 48. Nd6 Bd7 49. Nb7 Ke7 50. Ne2 Bc8 51. Nc5 Kd6 52. Kd3
e5 53. Ke3 exf4+ 54. Kxf4 Kd5 55. Nc3+ Kc4 56. Ne2 a5 57. Ke3 axb4 58. axb4
Nxb4 0-1

[Event "2. BUNDESLIGA MITTE"]
[Site "Steyregg, Fuerstenfeld/Sauwald/Villach, St. Veit/Glan, Graz"]
[Date "2016.02.27"]
[Round "7"]
[Board "1"]
[White "Kuba, Guenter"]
[Black "Flumbort, Andras Dr."]
[Result "1/2-1/2"]
[WhiteElo "2361"]
[BlackElo "2471"]
[PlyCount "83"]
[EventDate "2015.10.02"]
[EventType "team"]
[EventRounds "11"]
[EventCountry "AUT"]
[WhiteTeam "SPG. Sparkasse Fuerstenfeld/Hartberg"]
[BlackTeam "ASK Case IH SteyrSt. Valentin"]

1. e4 c5 2. Nf3 d6 3. Bb5+ Nd7 4. d4 Ngf6 5. Nc3 cxd4 6. Qxd4 e5 7. Qd3 h6 8.
Be3 Be7 9. O-O a6 10. Bc4 b5 11. Bd5 Rb8 12. b4 Nxd5 13. Nxd5 Bb7 14. a4 Bxd5
15. Qxd5 Qc8 16. Qd3 O-O 17. axb5 Rxb5 18. Ra4 Qb7 19. Nd2 Rc8 20. Rfa1 Rxb4
21. Rxa6 Qb8 22. h3 Nf6 23. c3 Rb7 24. Nc4 Qc7 25. Na5 Rbb8 26. Nc6 Rb7 27. Na5
Rbb8 28. Nc6 Rb7 29. Bd2 Qd7 30. Nxe7+ Qxe7 31. Rxd6 Rb2 32. Raa6 Rxd2 33. Qxd2
Nxe4 34. Rd7 Qe8 35. Qd1 Nc5 36. Rad6 Nxd7 37. Rxd7 e4 38. Qd4 Kh7 39. Rd5 Qe6
40. c4 Rc7 41. c5 Re7 42. Rd6 1/2-1/2

[Event "2. BUNDESLIGA MITTE"]
[Site "Steyregg, Fuerstenfeld/Sauwald/Villach, St. Veit/Glan, Graz"]
[Date "2016.02.27"]
[Round "7"]
[Board "2"]
[White "Hajnal, Zoltan"]
[Black "Pilaj, Herwig"]
[Result "1/2-1/2"]
[WhiteElo "2333"]
[BlackElo "2381"]
[PlyCount "44"]
[EventDate "2015.10.02"]
[EventType "team"]
[EventRounds "11"]
[EventCountry "AUT"]
[WhiteTeam "ASK Case IH SteyrSt. Valentin"]
[BlackTeam "SPG. Sparkasse Fuerstenfeld/Hartberg"]

1. e4 e6 2. d4 d5 3. Nc3 Bb4 4. Nge2 Nc6 5. a3 Ba5 6. Be3 Nge7 7. e5 O-O 8. Ng3
f6 9. exf6 Rxf6 10. Bd3 e5 11. dxe5 Nxe5 12. Bxh7+ Kxh7 13. Qh5+ Kg8 14. Qxe5
Nc6 15. Qh5 d4 16. O-O-O Bxc3 17. bxc3 Qe7 18. cxd4 Qxa3+ 19. Kd2 Qb4+ 20. Kc1
Qa3+ 21. Kd2 Qb4+ 22. Kc1 Qa3+ 1/2-1/2

[Event "2. BUNDESLIGA MITTE"]
[Site "Steyregg, Fuerstenfeld/Sauwald/Villach, St. Veit/Glan, Graz"]
[Date "2016.02.27"]
[Round "7"]
[Board "3"]
[White "Poetz, Florian"]
[Black "Sandhoefner, Florian"]
[Result "1/2-1/2"]
[WhiteElo "2385"]
[BlackElo "2229"]
[PlyCount "63"]
[EventDate "2015.10.02"]
[EventType "team"]
[EventRounds "11"]
[EventCountry "AUT"]
[WhiteTeam "SPG. Sparkasse Fuerstenfeld/Hartberg"]
[BlackTeam "ASK Case IH SteyrSt. Valentin"]

1. e4 c5 2. Nf3 d6 3. d4 cxd4 4. Nxd4 Nf6 5. Nc3 a6 6. h3 e6 7. g4 d5 8. Nde2
Nc6 9. exd5 Nxd5 10. Nxd5 Qxd5 11. Qxd5 exd5 12. Be3 h5 13. gxh5 Rxh5 14. O-O-O
Be6 15. Nf4 Re5 16. Nxe6 fxe6 17. Bd3 Kd7 18. Bf4 Rh5 19. Bg6 Rh4 20. Bg5 Ra4
21. Rhe1 Bd6 22. Kb1 Rf8 23. b3 Rd4 24. Be3 Rxd1+ 25. Rxd1 Rh8 26. c4 Ne7 27.
Bc2 Rxh3 28. cxd5 exd5 29. Rxd5 Nxd5 30. Bf5+ Ke7 31. Bxh3 Nxe3 32. fxe3
 1/2-1/2

[Event "2. BUNDESLIGA MITTE"]
[Site "Steyregg, Fuerstenfeld/Sauwald/Villach, St. Veit/Glan, Graz"]
[Date "2016.02.27"]
[Round "7"]
[Board "4"]
[White "Kranzl, Peter"]
[Black "Radnetter, Georg"]
[Result "0-1"]
[WhiteElo "2168"]
[BlackElo "2323"]
[PlyCount "86"]
[EventDate "2015.10.02"]
[EventType "team"]
[EventRounds "11"]
[EventCountry "AUT"]
[WhiteTeam "ASK Case IH SteyrSt. Valentin"]
[BlackTeam "SPG. Sparkasse Fuerstenfeld/Hartberg"]

1. e4 e6 2. d4 d5 3. Nd2 c5 4. exd5 Qxd5 5. Ngf3 cxd4 6. Bc4 Qd6 7. Qe2 Nf6 8.
Nb3 Nc6 9. Bg5 a6 10. O-O-O b5 11. Bd3 Be7 12. Kb1 Bb7 13. Nbxd4 Nxd4 14. Nxd4
Bd5 15. Nf3 h6 16. Bh4 O-O 17. Ne5 Qb4 18. Bg3 Rac8 19. f3 Rfd8 20. Qd2 Qxd2
21. Rxd2 Nh5 22. Rdd1 Bd6 23. Rde1 Nxg3 24. hxg3 f6 25. Ng6 Bxg3 26. Ne7+ Kf7
27. Nxc8 Bxe1 28. Nb6 Bf2 29. Nxd5 Rxd5 30. Rf1 Bg3 31. a4 bxa4 32. Bxa6 Rd2
33. Bb5 Rxg2 34. Bxa4 h5 35. f4 h4 36. Bc6 Rd2 37. f5 exf5 38. Rxf5 Rd1+ 39.
Ka2 g5 40. b4 Ke6 41. Rf3 g4 42. Re3+ Be5 43. c4 h3 0-1

[Event "2. BUNDESLIGA MITTE"]
[Site "Steyregg, Fuerstenfeld/Sauwald/Villach, St. Veit/Glan, Graz"]
[Date "2016.02.27"]
[Round "7"]
[Board "6"]
[White "Tober, Gerhard"]
[Black "Hatzl, Johannes"]
[Result "1-0"]
[WhiteElo "2239"]
[BlackElo "2081"]
[PlyCount "63"]
[EventDate "2015.10.02"]
[EventType "team"]
[EventRounds "11"]
[EventCountry "AUT"]
[WhiteTeam "ASK Case IH SteyrSt. Valentin"]
[BlackTeam "SPG. Sparkasse Fuerstenfeld/Hartberg"]

1. e4 c5 2. Nf3 Nc6 3. d4 cxd4 4. Nxd4 e5 5. Nb5 d6 6. Bg5 Nf6 7. Bc4 a6 8.
Bxf6 gxf6 9. Qh5 Qa5+ 10. b4 Qxb4+ 11. Nd2 axb5 12. Qxf7+ Kd8 13. Qxf6+ Be7 14.
Qxh8+ Kc7 15. Bb3 Bg5 16. Qg7+ Be7 17. Rd1 h5 18. O-O Bd7 19. c4 Bf8 20. Qf7
Bh6 21. cxb5 Bxd2 22. bxc6 bxc6 23. Be6 Rd8 24. Rb1 Qxe4 25. Bxd7 Rxd7 26. Rb7+
Kxb7 27. Qxd7+ Kb6 28. Qxd6 Bb4 29. Qb8+ Kc5 30. Rc1+ Kd5 31. Qg8+ Kd4 32. Qc4#
 1-0

[Event "2. BUNDESLIGA MITTE"]
[Site "Steyregg, Fuerstenfeld/Sauwald/Villach, St. Veit/Glan, Graz"]
[Date "2016.02.27"]
[Round "7"]
[Board "1"]
[White "Stevic, Hrvoje"]
[Black "Felsberger, Alfred"]
[Result "1-0"]
[WhiteElo "2602"]
[BlackElo "2334"]
[PlyCount "57"]
[EventDate "2015.10.02"]
[EventType "team"]
[EventRounds "11"]
[EventCountry "AUT"]
[WhiteTeam "SV Wolfsberg"]
[BlackTeam "Union Ansfelden"]

1. e4 c5 2. Nf3 d6 3. d4 cxd4 4. Qxd4 a6 5. h3 Nc6 6. Qe3 Nf6 7. c4 e6 8. Nc3
Be7 9. Bd3 O-O 10. O-O Nd7 11. b3 Bf6 12. Bb2 Nde5 13. Rfd1 Nxf3+ 14. Qxf3 Bd4
15. Rd2 e5 16. Rad1 Be6 17. Bf1 f5 18. exf5 Rxf5 19. Qg3 Rf4 20. Nd5 Bxd5 21.
cxd5 Bxb2 22. dxc6 Bd4 23. cxb7 Rb8 24. Bc4+ Kh8 25. Qxf4 exf4 26. Rxd4 g6 27.
Rxd6 Qg5 28. Bd5 Rd8 29. Bf3 1-0

[Event "2. BUNDESLIGA MITTE"]
[Site "Steyregg, Fuerstenfeld/Sauwald/Villach, St. Veit/Glan, Graz"]
[Date "2016.02.27"]
[Round "7"]
[Board "2"]
[White "Weiss, Christian"]
[Black "Jovanovic, Zoran"]
[Result "1/2-1/2"]
[WhiteElo "2353"]
[BlackElo "2528"]
[PlyCount "70"]
[EventDate "2015.10.02"]
[EventType "team"]
[EventRounds "11"]
[EventCountry "AUT"]
[WhiteTeam "Union Ansfelden"]
[BlackTeam "SV Wolfsberg"]

1. d4 d6 2. g3 g6 3. Bg2 Bg7 4. e4 c5 5. dxc5 Qa5+ 6. Bd2 Qxc5 7. Bc3 Nf6 8.
Ne2 O-O 9. O-O Nc6 10. Nf4 e5 11. Nd3 Qb6 12. a4 a5 13. Na3 Be6 14. b3 Rad8 15.
Nc4 Qc7 16. Na3 d5 17. Nb5 Qb6 18. exd5 Bxd5 19. Qb1 Bxg2 20. Kxg2 Nd5 21. Bb2
e4 22. Bxg7 Kxg7 23. Nb2 Ne5 24. Nc4 Nxc4 25. bxc4 Nb4 26. Qb2+ Kg8 27. Qc3 Qc6
28. Rae1 f5 29. c5 Qf6 30. Qc4+ Qf7 31. Qc3 Qf6 32. Qc4+ Kh8 33. Rd1 Rxd1 34.
Rxd1 f4 35. Qxe4 f3+ 1/2-1/2

[Event "2. BUNDESLIGA MITTE"]
[Site "Steyregg, Fuerstenfeld/Sauwald/Villach, St. Veit/Glan, Graz"]
[Date "2016.02.27"]
[Round "7"]
[Board "3"]
[White "Reichmann, Egon"]
[Black "Knoll, Hermann"]
[Result "1-0"]
[WhiteElo "2267"]
[BlackElo "2331"]
[PlyCount "91"]
[EventDate "2015.10.02"]
[EventType "team"]
[EventRounds "11"]
[EventCountry "AUT"]
[WhiteTeam "SV Wolfsberg"]
[BlackTeam "Union Ansfelden"]

1. d4 Nf6 2. Nf3 e6 3. c4 b6 4. g3 Ba6 5. b3 d5 6. Bg2 dxc4 7. O-O cxb3 8. Ne5
Nd5 9. axb3 Bd6 10. Nc4 f5 11. e4 fxe4 12. Qh5+ g6 13. Qh3 Qf6 14. Bxe4 O-O 15.
Bg5 Qf7 16. Nbd2 Bb7 17. Rae1 Nd7 18. Nxd6 cxd6 19. Nc4 N7f6 20. Nxd6 Qd7 21.
Nxb7 Rae8 22. Bxf6 Rxf6 23. Bxd5 Qxd5 24. Qg2 Rf5 25. Re5 Qd7 26. Rfe1 Rb8 27.
Rxe6 Rxb7 28. R6e5 Rf7 29. d5 Rc7 30. Qe4 Rc8 31. Kg2 Rb8 32. h4 Rf5 33. Rxf5
gxf5 34. Qe6+ Qxe6 35. dxe6 Re8 36. Kf3 Kg7 37. Kf4 Kf6 38. e7 Rxe7 39. Rxe7
Kxe7 40. Kxf5 Kd6 41. Ke4 Kc5 42. g4 a5 43. g5 Kd6 44. h5 Ke7 45. Kd5 b5 46.
Kc5 1-0

[Event "2. BUNDESLIGA MITTE"]
[Site "Steyregg, Fuerstenfeld/Sauwald/Villach, St. Veit/Glan, Graz"]
[Date "2016.02.27"]
[Round "7"]
[Board "4"]
[White "Ennsberger, Ulrich"]
[Black "Hresc, Vladimir"]
[Result "0-1"]
[WhiteElo "2314"]
[BlackElo "2354"]
[PlyCount "104"]
[EventDate "2015.10.02"]
[EventType "team"]
[EventRounds "11"]
[EventCountry "AUT"]
[WhiteTeam "Union Ansfelden"]
[BlackTeam "SV Wolfsberg"]

1. Nf3 Nf6 2. c4 e6 3. g3 d5 4. Bg2 Be7 5. O-O O-O 6. d4 dxc4 7. Qc2 a6 8. a4
Bd7 9. Ne5 Bc6 10. Nxc6 Nxc6 11. e3 Na5 12. Nd2 c5 13. Nxc4 cxd4 14. Nxa5 Qxa5
15. exd4 Nd5 16. Qb3 Rfd8 17. Rd1 Qb4 18. Qd3 Rac8 19. Bd2 Qc4 20. Qe4 Qb3 21.
Bf1 Nf6 22. Qe3 Qb6 23. Bc3 Nd5 24. Qe1 Bb4 25. a5 Qd6 26. Rd3 Rc4 27. Qe4 Bxc3
28. bxc3 Rdc8 29. Rf3 Rxc3 30. Bd3 f5 31. Qe1 g6 32. Kg2 Kf7 33. Rb1 Qc6 34.
Be4 Kg8 35. Rb6 fxe4 36. Rxc3 Qxc3 37. Qxe4 Rc6 38. Rxb7 Qc2 39. Qe5 Nc7 40.
Qf6 Qe4+ 41. Kh3 Qf5+ 42. Qxf5 exf5 43. Rb6 Rc4 44. d5 Nxd5 45. Rxa6 Ra4 46.
Ra7 Nb4 47. f4 Nc6 48. Ra6 Nb4 49. Ra7 Ra2 50. Kh4 Rxh2+ 51. Kg5 Nd5 52. g4 Rg2
 0-1

[Event "2. BUNDESLIGA MITTE"]
[Site "Steyregg, Fuerstenfeld/Sauwald/Villach, St. Veit/Glan, Graz"]
[Date "2016.02.27"]
[Round "7"]
[Board "5"]
[White "Toefferl, Heimo"]
[Black "Mostbauer, Maximilian"]
[Result "0-1"]
[WhiteElo "2035"]
[BlackElo "2171"]
[PlyCount "113"]
[EventDate "2015.10.02"]
[EventType "team"]
[EventRounds "11"]
[EventCountry "AUT"]
[WhiteTeam "SV Wolfsberg"]
[BlackTeam "Union Ansfelden"]

1. d4 Nf6 2. c4 g6 3. Nc3 Bg7 4. e4 d6 5. Be2 O-O 6. Bg5 Nbd7 7. h4 h6 8. Be3
e5 9. d5 Nc5 10. Qc2 a5 11. h5 Nxh5 12. Bxh5 gxh5 13. Rxh5 Qf6 14. f3 Qg6 15.
g4 Nd7 16. Rh2 Nf6 17. Rg2 Nh7 18. Nce2 f5 19. Ng3 fxg4 20. fxg4 Bxg4 21. Nf5
Rae8 22. Nh3 h5 23. Nf2 Nf6 24. Nh4 Qh7 25. Kd2 Kh8 26. Rh1 Bh6 27. Qd3 Rg8 28.
Rgh2 Bd7 29. Bxh6 Qxh6+ 30. Kc2 Rg7 31. Nf5 Bxf5 32. exf5 Qf4 33. Nh3 Qg3 34.
Qd2 Ng4 35. Re2 Qf3 36. Nf4 Qxh1 37. Ne6 Qh4 38. Qxa5 Rge7 39. Nxc7 Rc8 40. Nb5
Qf6 41. Kb3 Rd7 42. Qd2 Qxf5 43. a4 h4 44. Qe1 Qd3+ 45. Nc3 Qxc4+ 46. Kc2 Qf4
47. Qxh4+ Rh7 48. Qe1 Rh2 49. Kb1 Rxe2 50. Qxe2 e4 51. Qb5 Rc7 52. Qe8+ Kg7 53.
Nxe4 Qc1+ 54. Ka2 Qc4+ 55. Kb1 Qxd5 56. Nc3 Qf5+ 57. Ka2 0-1

[Event "2. BUNDESLIGA MITTE"]
[Site "Steyregg, Fuerstenfeld/Sauwald/Villach, St. Veit/Glan, Graz"]
[Date "2016.02.27"]
[Round "7"]
[Board "6"]
[White "Mostbauer, Florian"]
[Black "Waldmann, Gerald"]
[Result "1/2-1/2"]
[WhiteElo "2238"]
[BlackElo "2123"]
[PlyCount "60"]
[EventDate "2015.10.02"]
[EventType "team"]
[EventRounds "11"]
[EventCountry "AUT"]
[WhiteTeam "Union Ansfelden"]
[BlackTeam "SV Wolfsberg"]

1. d4 d5 2. Bf4 c5 3. e4 dxe4 4. d5 Nf6 5. Nc3 a6 6. Qe2 g6 7. O-O-O Bg7 8.
Nxe4 Nxe4 9. Qxe4 Bf5 10. Qe2 O-O 11. g4 Bc8 12. h3 Nd7 13. Nf3 b5 14. Ne5 Nxe5
15. Bxe5 Bxe5 16. Qxe5 Qd6 17. Qe3 Bb7 18. Bg2 Rfd8 19. h4 Qf6 20. g5 Qd6 21.
h5 b4 22. Kb1 Bc8 23. Rde1 Ra7 24. f4 Bf5 25. hxg6 fxg6 26. Rd1 Rf8 27. Rh4 Rf7
28. Rdh1 a5 29. Qf3 a4 30. Bh3 Qd7 1/2-1/2

[Event "2. BUNDESLIGA MITTE"]
[Site "Steyregg, Fuerstenfeld/Sauwald/Villach, St. Veit/Glan, Graz"]
[Date "2016.02.27"]
[Round "7"]
[Board "1"]
[White "Schachinger, Mario"]
[Black "Burlacu, Bogdan"]
[Result "1/2-1/2"]
[WhiteElo "2434"]
[BlackElo "2291"]
[PlyCount "129"]
[EventDate "2015.10.02"]
[EventType "team"]
[EventRounds "11"]
[EventCountry "AUT"]
[WhiteTeam "SC MPOE Maria Saal 2"]
[BlackTeam "Union Hartkirchen"]

1. d4 Nf6 2. c4 g6 3. Nc3 Bg7 4. e4 d6 5. Nf3 O-O 6. Be2 Nbd7 7. O-O e5 8. Be3
c6 9. d5 c5 10. Ne1 Kh8 11. Nd3 Ng8 12. Qd2 Nb6 13. b3 f5 14. exf5 Bxf5 15. f3
Nf6 16. Nf2 Qe7 17. g4 Bc8 18. Nce4 Nxe4 19. Nxe4 Nd7 20. Bg5 Nf6 21. Qe3 Bd7
22. Qf2 Nxe4 23. Bxe7 Nxf2 24. Rxf2 Rfe8 25. Bxd6 e4 26. Rd1 Bd4 27. f4 h5 28.
h3 hxg4 29. hxg4 g5 30. Be5+ Bxe5 31. fxe5 Rxe5 32. Rf7 Rd8 33. Rdf1 Kg8 34.
R7f6 Kg7 35. Rd6 Re7 36. Rff6 Be8 37. Rfe6 Red7 38. Rxd7+ Bxd7 39. Rxe4 Re8 40.
Rxe8 Bxe8 41. Bd3 Kf6 42. Kf2 Ke5 43. Ke3 b6 44. Bf5 Bf7 45. Kd3 Be8 46. Kc3 a5
47. Bc8 Kd6 48. Kd3 Ke5 49. Kc3 Kd6 50. Kb2 Kc7 51. Be6 Kd6 52. Kc3 Ke5 53. a3
Kd6 54. b4 axb4+ 55. axb4 Ke5 56. Bf5 Kd6 57. Kb3 Ke5 58. Bc8 Kd6 59. Kc3 Ke5
60. b5 Bg6 61. Bf5 Bf7 62. Kd3 Be8 63. Ke3 Bf7 64. Bc8 Bg6 65. Bf5 1/2-1/2

[Event "2. BUNDESLIGA MITTE"]
[Site "Steyregg, Fuerstenfeld/Sauwald/Villach, St. Veit/Glan, Graz"]
[Date "2016.02.27"]
[Round "7"]
[Board "2"]
[White "Jurek, Josef"]
[Black "Handler, Lukas"]
[Result "0-1"]
[WhiteElo "2289"]
[BlackElo "2390"]
[PlyCount "76"]
[EventDate "2015.10.02"]
[EventType "team"]
[EventRounds "11"]
[EventCountry "AUT"]
[WhiteTeam "Union Hartkirchen"]
[BlackTeam "SC MPOE Maria Saal 2"]

1. Nf3 Nf6 2. c4 e6 3. g3 d5 4. b3 Be7 5. Bg2 O-O 6. O-O b6 7. Bb2 Bb7 8. cxd5
exd5 9. d4 Nbd7 10. Nc3 Re8 11. Rc1 Rc8 12. e3 a6 13. Qd3 Ne4 14. Nd2 Nxd2 15.
Qxd2 Nf6 16. Rfd1 Bb4 17. Bh3 Ra8 18. Qc2 Qe7 19. Bg2 Rad8 20. Nb1 Bd6 21. b4
h5 22. a3 h4 23. Qe2 Ne4 24. Nd2 f5 25. Nxe4 fxe4 26. Qh5 Rf8 27. Qxh4 Qxh4 28.
gxh4 Rf6 29. Bc3 Bc8 30. Be1 Bg4 31. Rd2 Bf3 32. Bxf3 exf3 33. Rdc2 Rg6+ 34.
Kh1 Rg2 35. Rxc7 Bxc7 36. Rxc7 Rd6 37. Rc8+ Kh7 38. h5 Rh6 0-1

[Event "2. BUNDESLIGA MITTE"]
[Site "Steyregg, Fuerstenfeld/Sauwald/Villach, St. Veit/Glan, Graz"]
[Date "2016.02.27"]
[Round "7"]
[Board "3"]
[White "Halvax, Georg"]
[Black "Windhager, Hannes"]
[Result "1/2-1/2"]
[WhiteElo "2337"]
[BlackElo "2176"]
[PlyCount "58"]
[EventDate "2015.10.02"]
[EventType "team"]
[EventRounds "11"]
[EventCountry "AUT"]
[WhiteTeam "SC MPOE Maria Saal 2"]
[BlackTeam "Union Hartkirchen"]

1. e4 c5 2. Nf3 d6 3. d4 cxd4 4. Nxd4 Nf6 5. Nc3 g6 6. Be3 Bg7 7. f3 O-O 8. Qd2
Nc6 9. Bc4 Bd7 10. Bb3 Rc8 11. O-O-O Nxd4 12. Bxd4 b5 13. h4 a5 14. h5 a4 15.
Bxf6 exf6 16. h6 Bh8 17. Qxd6 axb3 18. Qxd7 Qa5 19. Qd5 f5 20. Qxb3 Bxc3 21.
bxc3 Rxc3 22. Qd5 Rfc8 23. exf5 Rxc2+ 24. Kb1 Rb2+ 25. Kxb2 Qc3+ 26. Kb1 Qc2+
27. Ka1 Qc3+ 28. Kb1 Qc2+ 29. Ka1 Qc3+ 1/2-1/2

[Event "2. BUNDESLIGA MITTE"]
[Site "Steyregg, Fuerstenfeld/Sauwald/Villach, St. Veit/Glan, Graz"]
[Date "2016.02.27"]
[Round "7"]
[Board "4"]
[White "Konrad, Edmund"]
[Black "Tomazini, Zan"]
[Result "0-1"]
[WhiteElo "2193"]
[BlackElo "2428"]
[PlyCount "84"]
[EventDate "2015.10.02"]
[EventType "team"]
[EventRounds "11"]
[EventCountry "AUT"]
[WhiteTeam "Union Hartkirchen"]
[BlackTeam "SC MPOE Maria Saal 2"]

1. e4 c5 2. Nf3 d6 3. d4 cxd4 4. Nxd4 Nf6 5. Nc3 g6 6. Be2 a6 7. O-O Bg7 8. Be3
Nbd7 9. f4 b5 10. Bf3 e5 11. Nb3 Qc7 12. Qd2 b4 13. Ne2 a5 14. a3 Nb6 15. axb4
Nc4 16. Qc1 O-O 17. fxe5 Ng4 18. exd6 Qxd6 19. Bxg4 Bxb2 20. Bc5 Bxc1 21. Bxd6
Be3+ 22. Kh1 Nxd6 23. Bf3 a4 24. e5 Rb8 25. Na5 Nf5 26. Nc6 Rb6 27. c4 Be6 28.
Bd5 Rxc6 29. Bxc6 Bxc4 30. Rfe1 Bd2 31. Red1 Bxb4 32. Nd4 Nxd4 33. Rxd4 Bc3 34.
Rxc4 Bxa1 35. Rxa4 Bxe5 36. Ra8 Bb8 37. Bb7 Rd8 38. g3 Kg7 39. Kg2 Rd2+ 40. Kf3
Bc7 41. Rc8 Be5 42. Re8 f6 0-1

[Event "2. BUNDESLIGA MITTE"]
[Site "Steyregg, Fuerstenfeld/Sauwald/Villach, St. Veit/Glan, Graz"]
[Date "2016.02.27"]
[Round "7"]
[Board "5"]
[White "Tomazini, Aljosa"]
[Black "Mayerhofer, Peter"]
[Result "0-1"]
[WhiteElo "2335"]
[BlackElo "2183"]
[PlyCount "50"]
[EventDate "2015.10.02"]
[EventType "team"]
[EventRounds "11"]
[EventCountry "AUT"]
[WhiteTeam "SC MPOE Maria Saal 2"]
[BlackTeam "Union Hartkirchen"]

1. d4 d5 2. c4 e5 3. dxe5 d4 4. Nf3 Nc6 5. a3 Bg4 6. Nbd2 Qe7 7. b4 Rd8 8. Bb2
Nxe5 9. Nxe5 Qxe5 10. Qa4+ Bd7 11. Qxa7 c5 12. Qxb7 Rb8 13. Qa7 Bd6 14. b5 Nf6
15. Qa4 O-O 16. Qb3 Ne4 17. Nxe4 Qxe4 18. a4 Rfe8 19. a5 Bf4 20. Bc1 d3 21. e3
Qd4 22. Ra2 Bxe3 23. Bxe3 Rxe3+ 24. fxe3 Qxe3+ 25. Re2 d2+ 0-1

[Event "2. BUNDESLIGA MITTE"]
[Site "Steyregg, Fuerstenfeld/Sauwald/Villach, St. Veit/Glan, Graz"]
[Date "2016.02.27"]
[Round "7"]
[Board "6"]
[White "Ganglberger, Robert"]
[Black "Ertl, Johann"]
[Result "0-1"]
[WhiteElo "2046"]
[BlackElo "2303"]
[PlyCount "114"]
[EventDate "2015.10.02"]
[EventType "team"]
[EventRounds "11"]
[EventCountry "AUT"]
[WhiteTeam "Union Hartkirchen"]
[BlackTeam "SC MPOE Maria Saal 2"]

1. d4 Nf6 2. Nf3 g6 3. g3 Bg7 4. Bg2 O-O 5. O-O d6 6. c3 Nbd7 7. Nbd2 e5 8.
dxe5 dxe5 9. Nc4 Qe7 10. Qc2 a5 11. b3 Ra6 12. Ba3 c5 13. e4 Bh6 14. Bc1 Bxc1
15. Raxc1 b5 16. Ne3 Bb7 17. Nd2 a4 18. c4 b4 19. Nd5 Qd6 20. Qd3 Kg7 21. f4
axb3 22. axb3 Ra2 23. h3 Nh5 24. g4 Nxf4 25. Nxf4 Qxd3 26. Nxd3 Rxd2 27. Rcd1
Rxd1 28. Rxd1 Bc6 29. Nf2 Ra8 30. Rd6 Rc8 31. g5 Kf8 32. h4 Ke7 33. Rd3 Ra8 34.
Bh3 Rd8 35. Kg2 f5 36. gxf6+ Nxf6 37. Rxd8 Kxd8 38. Kf3 Ke7 39. Ke3 Nh5 40. Nd3
Kd6 41. Bg4 Nf6 42. Bf3 Bd7 43. Nf2 Ng8 44. Bd1 Ne7 45. Kf3 Nc6 46. Ke3 Nd4 47.
Kd2 Ne6 48. Ng4 Nf4 49. Nf6 Bc6 50. Bf3 h5 51. Ke3 Ne6 52. Nd5 Nd4 53. Bd1 Ke6
54. Nc7+ Kd7 55. Nd5 Bxd5 56. exd5 Nf5+ 57. Ke4 Kd6 0-1

[Event "2. BUNDESLIGA MITTE"]
[Site "Steyregg, Fuerstenfeld/Sauwald/Villach, St. Veit/Glan, Graz"]
[Date "2016.02.27"]
[Round "7"]
[Board "1"]
[White "Frank, Paul"]
[Black "Horvath, Adam"]
[Result "0-1"]
[WhiteElo "2167"]
[BlackElo "2515"]
[PlyCount "108"]
[EventDate "2015.10.02"]
[EventType "team"]
[EventRounds "11"]
[EventCountry "AUT"]
[WhiteTeam "ESV Admira Villach"]
[BlackTeam "RbEJ Gleisdorf"]

1. Nf3 d5 2. g3 Nc6 3. d4 Bg4 4. Bg2 Qd7 5. O-O O-O-O 6. c3 f6 7. b4 e5 8. b5
Nb8 9. dxe5 Qxb5 10. exf6 Nxf6 11. Be3 Bc5 12. Bxc5 Qxc5 13. Ne5 Bh5 14. Bf3
Nbd7 15. Nd3 Qe7 16. Re1 Kb8 17. Nd2 Ne4 18. Qc1 Nb6 19. a4 a5 20. Nb3 Nc4 21.
Nb2 Qf6 22. Nd1 Rde8 23. Bg2 Rhf8 24. f3 Ned6 25. Nc5 Re7 26. Kh1 b6 27. Nd3
Rfe8 28. Ra2 g5 29. N3f2 h6 30. Nd3 Bf7 31. N3f2 Bg6 32. Ng4 Qg7 33. Ngf2 Bh7
34. Kg1 Qf7 35. Kh1 Nb7 36. f4 Qg8 37. g4 Nc5 38. f5 Re5 39. Bf3 h5 40. h3 h4
41. Nb2 Re3 42. Kg2 Qg7 43. Nxc4 dxc4 44. Rd1 Qe5 45. Rd5 Qg3+ 46. Kf1 Rxf3 47.
exf3 Nd3 48. Rxd3 cxd3 49. Qd1 Bg8 50. Rd2 Bb3 51. Qb1 Bc4 52. Rxd3 Re3 53. Qc1
Rxd3 54. Nxd3 Bxd3# 0-1